[Event "RUS-ch 54th"]
[Site "Elista"]
[Date "2001.05.08"]
[Round "8"]
[White "Lastin, Alexander"]
[Black "Kobalija, Mihail"]
[Result "1-0"]
[WhiteElo "2627"]
[BlackElo "2590"]
[PlyCount "57"]
[EventDate "2001.04.29"]
[Source "ChessBase"]
[SourceDate "2001.07.05"]

1. e4 c5 2. Nf3 e6 3. d4 cxd4 4. Nxd4 a6 5. Bd3 Qc7 6. O-O Nf6 7. Qe2 d6 8. c4 g6 9. Nc3 Bg7 10. Rd1 O-O 11. Nf3 Nbd7 12. Bf4 Ng4 13. Rac1 b6 14. Qd2 Nde5 15. Be2 Rd8 16. Bg5 f6 17. Nxe5 Nxe5 18. Be3 Rb8 19. b3 Nf7 20. f4 f5 21. exf5 gxf5 22. Bh5 Nh8 23. Na4 Ng6 24. Qf2 Qe7 25. Bxb6 Re8 26. c5 dxc5 27. Bxc5 Qf7 28. Bd6 Rb5 29. Rc7 1-0

[Event "Jugoslavija"]
[Site "?"]
[Date "1997.??.??"]
[Round "?"]
[White "Almasi, Z."]
[Black "Rublevsky, S."]
[Result "1/2-1/2"]
[WhiteElo "2565"]
[BlackElo "2650"]
[PlyCount "39"]
[EventDate "1997.??.??"]
[Source "ChessBase"]
[SourceDate "1997.06.01"]

1. d4 e6 2. e4 c5 3. Nf3 cxd4 4. Nxd4 a6 5. Bd3 Nf6 6. O-O d6 7. c4 Bd7 8. Nc3 Nc6 9. Nxc6 Bxc6 10. Qe2 Be7 11. b3 O-O 12. Bb2 Qa5 13. f4 Qh5 14. Qxh5 Nxh5 15. Rad1 Rfd8 16. Be2 Nf6 17. Bf3 Nd7 18. Ba3 Nc5 19. Kf2 b6 20. Rd2 1/2-1/2

[Event "Ohrid 82/144"]
[Site "?"]
[Date "2001.??.??"]
[Round "?"]
[White "Polgar, Judit"]
[Black "Bischoff, K."]
[Result "1-0"]
[WhiteElo "2678"]
[BlackElo "2533"]
[PlyCount "65"]
[EventDate "2001.??.??"]
[Source "Chess Informant"]
[SourceDate "2001.06.01"]

1. e4 c5 2. Nf3 e6 3. d4 cxd4 4. Nxd4 a6 5. Bd3 Ne7 6. O-O Nbc6 7. c3 Ne5 8. f4 Nxd3 9. Qxd3 Qc7 10. Be3 Nc6 11. c4 b6 12. Nc3 Bb7 13. Nf3 Be7 14. Rac1 Rb8 15. Rfd1 Ba8 16. a3 f6 17. b4 Nd8 18. Na4 Nf7 19. c5 bxc5 20. Nxc5 Bxc5 21. Bxc5 Qb7 22. e5 f5 23. Rd2 Rg8 24. Rcd1 Rd8 25. Ng5 Nxg5 26. fxg5 Kf7 27. g6+ Kxg6 28. Qg3+ Kf7 29. Qg5 h6 30. Qh5+ g6 31. Qxh6 Rg7 32. Qg5 Qc8 33. Qxd8 1-0

[Event "XXI Carlos Torre KO"]
[Site "Merida MES"]
[Date "2008.12.18"]
[Round "2.5"]
[White "Ehlvest, J."]
[Black "Bruzon Batista, L."]
[Result "1-0"]
[WhiteElo "2581"]
[BlackElo "2622"]
[PlyCount "96"]
[EventDate "2008.12.17"]
[Source "www.chesslib.no"]
[SourceDate "2004.05.04"]

1. e4 c5 2. Nf3 e6 3. d4 cxd4 4. Nxd4 a6 5. Bd3 Qb6 6. Nf3 d6 7. O-O Nf6 8. c4 Qc7 9. Nc3 b6 10. b3 Be7 11. Bb2 Nbd7 12. Rc1 O-O 13. Re1 Bb7 14. Bb1 Rfe8 15. Nd4 Bf8 16. Re3 g6 17. Re1 Rad8 18. Qd2 Qb8 19. Rcd1 Bg7 20. f3 Ba8 21. Qf2 Qc7 22. Bd3 Nh5 23. Bf1 Nc5 24. Bc1 Rc8 25. Be3 Qb8 26. Rc1 Nf6 27. Red1 Red8 28. b4 Ncd7 29. Nb3 Ne8 30. a3 Rc7 31. Na4 Rc6 32. Nd4 Rc7 33. Rb1 Ne5 34. c5 dxc5 35. bxc5 b5 36. Nb6 Nf6 37. a4 b4 38. Nxa8 Qxa8 39. Nb3 Rxd1 40. Rxd1 a5 41. Bb5 h5 42. Qd2 Kh7 43. Qd6 Qc8 44. Qxe5 Ng4 45. Qxg7+ Kxg7 46. fxg4 e5 47. gxh5 Qg4 48. Re1 gxh5 1-0

[Event "JUG-chT"]
[Site "Novi Sad"]
[Date "2000.08.27"]
[Round "4"]
[White "Georgiev, Krum"]
[Black "Rublevsky, Sergei"]
[Result "1/2-1/2"]
[WhiteElo "2532"]
[BlackElo "2670"]
[PlyCount "68"]
[EventDate "2000.08.24"]
[Source "www.chesslib.no"]
[SourceDate "2004.05.04"]

1. e4 c5 2. Nf3 e6 3. d4 cxd4 4. Nxd4 a6 5. Bd3 Nf6 6. O-O d6 7. c4 Bd7 8. Nc3 Nc6 9. Be3 Be7 10. Be2 O-O 11. Rc1 b5 12. cxb5 Nxd4 13. Qxd4 Bxb5 14. Rfe1 Bxe2 15. Rxe2 Ng4 16. Bd2 Qb8 17. Be1 Rc8 18. h3 Ne5 19. Rec2 Bg5 20. Rb1 Rc6 21. Qd1 Qc7 22. b4 Rc4 23. b5 axb5 24. Nxb5 Qc6 25. Rxc4 Nxc4 26. Qc2 d5 27. exd5 exd5 28. a4 Bf6 29. Bb4 h6 30. Re1 Ne5 31. Qb3 Qc4 32. Qxc4 Nxc4 33. Nc7 Rxa4 34. Nxd5 Be5 1/2-1/2

[Event "Petrov mem"]
[Site "St Petersburg"]
[Date "1996.??.??"]
[Round "4"]
[White "Korneev, Oleg"]
[Black "Rublevsky, Sergei"]
[Result "0-1"]
[WhiteElo "2590"]
[BlackElo "2610"]
[PlyCount "70"]
[EventDate "1996.02.??"]
[Source "ChessBase"]

1. e4 c5 2. Nf3 e6 3. d4 cxd4 4. Nxd4 a6 5. Bd3 Nf6 6. O-O d6 7. c4 Bd7 8. Nc3 Nc6 9. Nxc6 Bxc6 10. Qe2 Be7 11. Bf4 O-O 12. Rfd1 Nd7 13. Rac1 Ne5 14. Bb1 Qb8 15. Bg3 Rc8 16. c5 Be8 17. f4 Ng6 18. cxd6 Bxd6 19. e5 Bc7 20. Kh1 Bc6 21. h4 Ne7 22. h5 h6 23. Kh2 Rd8 24. Bh4 Rxd1 25. Rxd1 Qe8 26. Ne4 Kh8 27. Nf6 Qf8 28. Qc2 Nf5 29. g4 Qb4 30. Bg3 Bxe5 31. fxe5 gxf6 32. gxf5 Qg4 33. Rd4 Qf3 34. Kh3 Rg8 35. Qf2 Qh1+ 0-1

[Event "Olympiad"]
[Site "Malta ol"]
[Date "1980.??.??"]
[Round "?"]
[White "Ljubojevic, Ljubomir"]
[Black "Gheorghiu, Florin"]
[Result "1/2-1/2"]
[WhiteElo "2590"]
[BlackElo "2605"]
[PlyCount "29"]
[EventDate "1980.??.??"]
[Source "www.chesslib.no"]
[SourceDate "2004.05.04"]

1. e4 c5 2. Nf3 e6 3. d4 cxd4 4. Nxd4 a6 5. Bd3 Nf6 6. O-O d6 7. c4 Be7 8. Nc3 O-O 9. Be3 Nbd7 10. f4 Re8 11. Kh1 Bf8 12. Nf3 g6 13. Qe2 b6 14. Rad1 Qc7 15. Nd4 1/2-1/2

[Event "RUS"]
[Site "?"]
[Date "2006.04.23"]
[Round "4"]
[White "Erenburg Sergey"]
[Black "Khalifman Alexander"]
[Result "1/2-1/2"]
[WhiteElo "2554"]
[BlackElo "2640"]
[PlyCount "35"]
[EventDate "2006.??.??"]
[Source "www.chesslib.no"]
[SourceDate "2004.05.04"]

1. e4 c5 2. Nf3 e6 3. d4 cxd4 4. Nxd4 a6 5. Bd3 Nf6 6. O-O Qc7 7. Qe2 d6 8. c4 g6 9. Nc3 Bg7 10. Rd1 O-O 11. Nf3 Nc6 12. Bf4 Nd7 13. Rac1 Nde5 14. h3 b6 15. Qe3 Bb7 16. Bf1 Rab8 17. Nb5 Qe7 18. Nc3 1/2-1/2

[Event "Wijk aan Zee NED, Corus A 2006"]
[Site "?"]
[Date "2006.01.16"]
[Round "3"]
[White "Naiditsch Arkadij"]
[Black "Koneru Humpy"]
[Result "1-0"]
[WhiteElo "2657"]
[BlackElo "2537"]
[PlyCount "65"]
[EventDate "2006.??.??"]
[Source "www.chesslib.no"]
[SourceDate "2004.05.04"]

1. e4 c5 2. Nf3 e6 3. d4 cxd4 4. Nxd4 a6 5. Bd3 Qc7 6. O-O Nf6 7. Qe2 d6 8. c4 Nbd7 9. f4 Be7 10. Nc3 O-O 11. Kh1 b6 12. Bd2 Bb7 13. f5 e5 14. Nc2 b5 15. cxb5 axb5 16. Nxb5 Qb8 17. Nc3 d5 18. exd5 Nxd5 19. Nxd5 Bxd5 20. b3 e4 21. Bxe4 Bxe4 22. Qxe4 Bf6 23. Bf4 Qb5 24. Rad1 Rxa2 25. Nb4 Nc5 26. Qc4 Qxc4 27. bxc4 Ra4 28. Bd6 Rc8 29. Nd5 Ra7 30. Rfe1 h5 31. h3 Bg5 32. Be7 f6 33. Bd6 1-0

[Event "Las Palmas"]
[Site "Las Palmas"]
[Date "1993.??.??"]
[Round "9"]
[White "Morovic Fernandez, Ivan"]
[Black "Christiansen, Larry Mark"]
[Result "1-0"]
[WhiteElo "2570"]
[BlackElo "2620"]
[PlyCount "51"]
[EventDate "1993.06.??"]
[Source "ChessBase"]

1. e4 c5 2. Nf3 e6 3. d4 cxd4 4. Nxd4 a6 5. Bd3 Nf6 6. O-O Qc7 7. Qe2 b6 8. c4 Bc5 9. Nb3 Nc6 10. Nc3 Bb7 11. Bg5 Nd4 12. Nxd4 Bxd4 13. Rac1 O-O 14. Kh1 d6 15. Rfd1 Rac8 16. Bb1 Qxc4 17. Qd2 Qc5 18. Ne2 Ng4 19. Nxd4 Nxf2+ 20. Kg1 Nxd1 21. Rxc5 dxc5 22. Nf3 f6 23. Qxd1 fxg5 24. Nxg5 h6 25. Nxe6 Rf7 26. Nd8 1-0

[Event "54th ch-HUN"]
[Site "Budapest"]
[Date "2004.08.24"]
[Round "6.1"]
[White "Almasi, Zoltan"]
[Black "Horvath, Csaba"]
[Result "1-0"]
[WhiteElo "2644"]
[BlackElo "2546"]
[PlyCount "83"]
[EventDate "2004.08.19"]
[Source "Roberto Alvarez"]
[SourceDate "2004.09.06"]

1. e4 c5 2. Nf3 e6 3. d4 cxd4 4. Nxd4 a6 5. Bd3 Nf6 6. O-O d6 7. c4 b6 8. Nc3 Bb7 9. Qe2 Nbd7 10. b3 g6 11. Rd1 Bg7 12. Bg5 Qc7 13. Rac1 O-O 14. Bb1 h6 15. Be3 Rad8 16. f3 Ne5 17. Qd2 Kh7 18. Nde2 Ne8 19. h3 Nd7 20. f4 f5 21. Nd4 Nc5 22. b4 Bxd4 23. Qxd4 Nxe4 24. Nxe4 Bxe4 25. Bxe4 fxe4 26. Qxe4 Ng7 27. Qd4 Nf5 28. Qxb6 Qxb6 29. Bxb6 Rb8 30. Ba5 h5 31. c5 dxc5 32. bxc5 Rb5 33. Rd7+ Kg8 34. c6 Rd5 35. Rxd5 exd5 36. c7 Rc8 37. Rc6 Kf7 38. Rxa6 d4 39. g4 hxg4 40. hxg4 Ne3 41. Rd6 Nc4 42. Rd8 1-0

[Event "Pula (zt)"]
[Site "?"]
[Date "2000.??.??"]
[Round "?"]
[White "Palac, M."]
[Black "Avrukh, B."]
[Result "1/2-1/2"]
[WhiteElo "2570"]
[BlackElo "2620"]
[PlyCount "87"]
[EventDate "2000.??.??"]
[Source "Chess Informant"]
[SourceDate "2000.02.01"]

1. e4 c5 2. Nf3 e6 3. d4 cxd4 4. Nxd4 a6 5. Bd3 Qb6 6. Nb3 Qc7 7. c4 d6 8. Nc3 Nd7 9. f4 b6 10. Qe2 Be7 11. Bd2 Bf6 12. O-O-O Ne7 13. g4 Bxc3 14. Bxc3 e5 15. f5 Bb7 16. Kb1 Nc5 17. Bc2 a5 18. Nxc5 Qxc5 19. Rhf1 f6 20. g5 O-O-O 21. Bd2 Ba6 22. Be3 Qc7 23. Bd3 Nc6 24. Qf2 Kb7 25. Rg1 Nb4 26. b3 Ka7 27. Be2 Bb7 28. Bf3 Na6 29. Qh4 fxg5 30. Bxg5 Rd7 31. Rd2 Nc5 32. Rgd1 Rf8 33. Bg2 Bc6 34. Be3 Qd8 35. Qxd8 Rfxd8 36. Bxc5 dxc5 37. Rxd7+ Rxd7 38. Rxd7+ Bxd7 39. a4 Kb8 40. Kc2 Kc7 41. Kd3 Kd6 42. Ke3 Ke7 43. Kf3 Kf6 44. Kg3 1/2-1/2

[Event "XIX Carlos Torre Mem"]
[Site "Merida MES"]
[Date "2006.12.20"]
[Round "8"]
[White "Arencibia, W."]
[Black "Milov, V."]
[Result "0-1"]
[WhiteElo "2530"]
[BlackElo "2657"]
[PlyCount "102"]
[EventDate "2006.12.14"]
[Source "www.chesslib.no"]
[SourceDate "2004.05.04"]

1. e4 c5 2. Nf3 e6 3. d4 cxd4 4. Nxd4 a6 5. Bd3 Ne7 6. O-O Nbc6 7. Nxc6 Nxc6 8. Nc3 b5 9. Re1 d6 10. a3 Be7 11. f4 O-O 12. Kh1 Bb7 13. Re3 g6 14. Rh3 Bf6 15. Qe1 d5 16. e5 Bg7 17. Bd2 Rc8 18. Ne2 f5 19. Ng1 Qe7 20. Nf3 Rfd8 21. Be3 d4 22. Bf2 Rd7 23. b4 Qe8 24. Qg1 Ne7 25. Bxd4 Nd5 26. Be3 Bf8 27. Bd2 Nc3 28. Bxc3 Rxc3 29. Qe1 Rc8 30. Rg3 Bd5 31. h4 Rg7 32. Rh3 h6 33. Qd2 Be7 34. Kh2 Qd8 35. a4 Bxf3 36. Rxf3 g5 37. c3 g4 38. Re3 Bxb4 39. Qa2 Qxh4+ 40. Kg1 Rxc3 41. Qxe6+ Kh8 42. g3 Qh5 43. Qxa6 Rxd3 44. Rxd3 Bc5+ 45. Kf1 Qh1+ 46. Ke2 Qe4+ 47. Kd2 Bb4+ 48. Kc2 Rc7+ 49. Kb2 Qe2+ 50. Kb3 Qxd3+ 51. Kxb4 Qc3+ 0-1

[Event "Frankfurt Ordix op"]
[Site "Frankfurt"]
[Date "1999.07.03"]
[Round "5"]
[White "Ulibin, Mikhail"]
[Black "Milov, Vadim"]
[Result "0-1"]
[WhiteElo "2552"]
[BlackElo "2633"]
[PlyCount "106"]
[EventDate "1999.07.??"]
[Source "www.chesslib.no"]
[SourceDate "2004.05.04"]

1. e4 c5 2. Nf3 e6 3. d4 cxd4 4. Nxd4 a6 5. Bd3 Nf6 6. O-O d6 7. c4 Bd7 8. Nc3 Nc6 9. Nxc6 Bxc6 10. b3 Be7 11. Bb2 O-O 12. Qe2 Qa5 13. Rad1 Qh5 14. f3 Rfe8 15. Kh1 Nd7 16. Bb1 b5 17. cxb5 axb5 18. f4 Qxe2 19. Nxe2 Nc5 20. e5 dxe5 21. Bxe5 Be4 22. Rd2 Bxb1 23. Rxb1 f6 24. Bd4 Red8 25. Ng3 Kf7 26. Rbd1 f5 27. Be5 Rxd2 28. Rxd2 Bf6 29. Bxf6 Kxf6 30. Kg1 g5 31. fxg5+ Kxg5 32. Ne2 e5 33. Rd5 Rxa2 34. Rxc5 Rxe2 35. Kf1 Rb2 36. Rxe5 Rxb3 37. Re7 h5 38. Kf2 b4 39. Rg7+ Kf4 40. g3+ Ke5 41. Rb7 Ke4 42. Re7+ Kd5 43. Rf7 Rb2+ 44. Kf3 Rxh2 45. Rxf5+ Kc4 46. Rf8 b3 47. Rb8 Kc3 48. Rc8+ Kd3 49. Rd8+ Kc2 50. Rc8+ Kd1 51. Rd8+ Kc1 52. Rc8+ Rc2 53. Rh8 Rc5 0-1

[Event "Altensteig"]
[Site "Altensteig"]
[Date "1995.??.??"]
[Round "4"]
[White "Hracek, Zbynek"]
[Black "Bischoff, Klaus"]
[Result "1/2-1/2"]
[WhiteElo "2635"]
[BlackElo "2550"]
[PlyCount "25"]
[EventDate "1995.08.??"]
[Source "ChessBase"]

1. e4 c5 2. Nf3 e6 3. d4 cxd4 4. Nxd4 a6 5. Bd3 Nf6 6. O-O d6 7. f4 g6 8. Nc3 Bg7 9. Kh1 O-O 10. Nf3 Nc6 11. a4 Nd7 12. f5 Nde5 13. Bg5 1/2-1/2

[Event "BL2-West 0102"]
[Site "Germany"]
[Date "2002.02.24"]
[Round "6.1"]
[White "Glek, Igor V"]
[Black "Chuchelov, Vladimir"]
[Result "1/2-1/2"]
[WhiteElo "2574"]
[BlackElo "2607"]
[PlyCount "40"]
[EventDate "2001.10.07"]
[Source "ChessBase"]
[SourceDate "2002.07.08"]

1. e4 c5 2. Nf3 e6 3. d4 cxd4 4. Nxd4 a6 5. Bd3 Nf6 6. O-O Qc7 7. Qe2 d6 8. c4 g6 9. Nc3 Bg7 10. Nd1 O-O 11. Nf3 Nc6 12. h3 b6 13. Bf4 Nh5 14. Be3 Re8 15. Rc1 Bd7 16. Qd2 Bf8 17. Bh6 Be7 18. Bg5 Nf6 19. Qf4 Nh5 20. Qd2 Nf6 1/2-1/2

[Event "Manila ol (Men)"]
[Site "Manila PHI"]
[Date "1992.??.??"]
[Round "?"]
[White "Dolmatov, Sergey V"]
[Black "Kurajica, Bojan"]
[Result "1/2-1/2"]
[WhiteElo "2595"]
[BlackElo "2585"]
[PlyCount "38"]
[EventDate "1992.06.??"]
[Source "www.chesslib.no"]
[SourceDate "2004.05.04"]

1. e4 c5 2. Nf3 e6 3. d4 cxd4 4. Nxd4 a6 5. Bd3 Qc7 6. O-O Nf6 7. c4 Nc6 8. Nxc6 dxc6 9. Be3 e5 10. Nc3 Ng4 11. Bg5 Be7 12. Bxe7 Qxe7 13. Be2 Nf6 14. Qd2 Bg4 15. Bxg4 Nxg4 16. Rad1 Nf6 17. Qe3 O-O 18. Qb6 Rfd8 19. b3 Rab8 1/2-1/2

[Event "MK Cafe Cup-A"]
[Site "Koszalin"]
[Date "1998.08.07"]
[Round "5"]
[White "Gdanski, Jacek"]
[Black "Movsesian, Sergei"]
[Result "0-1"]
[WhiteElo "2540"]
[BlackElo "2640"]
[PlyCount "62"]
[EventDate "1998.08.03"]
[Source "ChessBase"]
[SourceDate "1998.09.09"]

1. e4 c5 2. Nf3 e6 3. d4 cxd4 4. Nxd4 a6 5. Bd3 Qb6 6. Nb3 Qc7 7. O-O Nf6 8. f4 d6 9. Qe2 Nbd7 10. Nc3 b5 11. Bd2 Bb7 12. Rae1 b4 13. Nd1 Be7 14. Nf2 a5 15. Nd4 O-O 16. e5 dxe5 17. fxe5 Nd5 18. Kh1 Qb6 19. Qg4 g6 20. Nh3 h5 21. Qg3 Qxd4 22. Re4 Qxb2 23. Bc1 Qc3 24. Bh6 h4 25. Qg4 Nxe5 26. Rxe5 Qxe5 27. Bxg6 fxg6 28. Qxg6+ Kh8 29. Bxf8 Rxf8 30. Qh6+ Kg8 31. Qg6+ Qg7 0-1

[Event "Baden_Baden"]
[Site "?"]
[Date "1992.??.??"]
[Round "?"]
[White "Huebner, R."]
[Black "Lutz, Ch"]
[Result "1/2-1/2"]
[WhiteElo "2630"]
[BlackElo "2550"]
[PlyCount "83"]
[EventDate "1992.??.??"]
[Source "ChessBase"]
[SourceDate "1992.10.01"]

1. e4 c5 2. Nf3 e6 3. d4 cxd4 4. Nxd4 a6 5. Bd3 Nf6 6. O-O Qc7 7. Qe2 d6 8. c4 g6 9. b3 Bg7 10. Bb2 O-O 11. Nc3 b6 12. Rad1 Bb7 13. Bb1 Nc6 14. Nxc6 Bxc6 15. Rd2 Rfd8 16. Rfd1 Rd7 17. Qf3 Ne8 18. Qe3 Rad8 19. h3 b5 20. cxb5 axb5 21. Ne2 Bxb2 22. Rxb2 e5 23. b4 d5 24. exd5 Rxd5 25. Rxd5 Rxd5 26. Bc2 Ng7 27. Ng3 Rd4 28. Bb3 Qd6 29. Re2 e4 30. Rc2 Bb7 31. Rc5 h5 32. h4 Rxb4 33. Qc3 Rd4 34. Rxb5 Ba6 35. Ra5 Bb7 36. Ra7 Rd3 37. Qc4 Bd5 38. Qc8+ Kh7 39. Bxd5 e3 40. Rxf7 exf2+ 41. Rxf2 Qxd5 42. Nf1 1/2-1/2